| 000 | 00616nam a2200229Ia 4500 | ||
|---|---|---|---|
| 003 | OSt | ||
| 005 | 20230324133754.0 | ||
| 008 | 210423s2015 xx 000 0 und d | ||
| 020 | _a978-0-19-969514-0 | ||
| 040 | _cAL | ||
| 041 | _aeng | ||
| 082 |
_a809.8928203 _223 _bHAHO |
||
| 100 |
_aHAHN (Daniel) _977474 |
||
| 245 | _aOxford companion to childrens literature Ed 2 | ||
| 250 | _a2 | ||
| 260 |
_aUK _bOxford University Press _c2015 |
||
| 300 |
_aix,663 _bHB |
||
| 365 |
_b2586 _cGBP |
||
| 650 |
_aHistory of Literature _977475 |
||
| 906 | _achildrens ; companion ; literature ; Oxford | ||
| 942 |
_2ddc _cBK |
||
| 999 |
_c168814 _d168814 |
||